Institutions and icons of patronage : (Record no. 354770)
[ view plain ]
| 000 -LEADER | |
|---|---|
| fixed length control field | 00420nam a2200109Ia 4500 |
| 008 - FIXED-LENGTH DATA ELEMENTS--GENERAL INFORMATION | |
| fixed length control field | 180205s9999 xx 000 0 und d |
| 020 ## - INTERNATIONAL STANDARD BOOK NUMBER | |
| International Standard Book Number | 9789715066471 |
| 100 ## - MAIN ENTRY--PERSONAL NAME | |
| Personal name | Baluyut, Perlie Rose S. |
| 245 ## - TITLE STATEMENT | |
| Title | Institutions and icons of patronage : |
| Remainder of title | arts and culture in the Philippines during the Marcos years, 1965-1986 |
| 260 ## - PUBLICATION, DISTRIBUTION, ETC. (IMPRINT) | |
| Place of publication, distribution, etc | España, Manila |
| Name of publisher, distributor, etc | University of Santo tomas publishing house |
| Date of publication, distribution, etc | 2012 |
| 300 ## - PHYSICAL DESCRIPTION | |
| Extent | viii, 175 pages |
| Withdrawn status | Lost status | Damaged status | Home library | Current library | Shelving location | Date acquired | Source of acquisition | Total Checkouts | Full call number | Barcode | Date last seen | Price effective from | Koha item type |
|---|---|---|---|---|---|---|---|---|---|---|---|---|---|
| College Library | College Library | Filipiniana Section | 02/05/2018 | Library Fund | LD 791.9 B198 2012 | C15613 | 05/08/2018 | 02/05/2018 | Books |